Квазиклассические траекторно-когерентные состояния двумерного уравнения типа Хартри; Ресурсоэффективным технологиям - энергию и энтузиазм молодых

Бібліографічні деталі
Parent link:Ресурсоэффективным технологиям - энергию и энтузиазм молодых.— 2014.— [С. 258-261]
Автор: Кулагин А. Е. Антон Евгеньевич
Співавтор: Национальный исследовательский Томский политехнический университет (ТПУ) Физико-технический институт (ФТИ) Кафедра высшей математики и математической физики (ВММФ)
Інші автори: Трифонов А. Ю. Андрей Юрьевич (научный руководитель)
Резюме:Заглавие с титульного экрана
Мова:Російська
Опубліковано: 2014
Серія:Основные теоретико-методологические и прикладные направления развития естественных наук: физики, химии, математики
Предмети:
Онлайн доступ:http://earchive.tpu.ru/handle/11683/66095
http://www.lib.tpu.ru/fulltext/c/2014/C08/110.pdf
Формат: MixedMaterials Електронний ресурс Частина з книги
KOHA link:https://koha.lib.tpu.ru/cgi-bin/koha/opac-detail.pl?biblionumber=606654

MARC

LEADER 00000naa2a2200000 4500
001 606654
005 20260303164028.0
035 |a (RuTPU)RU\TPU\conf\4033 
035 |a RU\TPU\conf\4032 
090 |a 606654 
100 |a 20140605d2014 k y0rusy50 ca 
101 0 |a rus 
102 |a RU 
135 |a drcn ---uucaa 
181 0 |a i  
182 0 |a b 
200 1 |a Квазиклассические траекторно-когерентные состояния двумерного уравнения типа Хартри  |f А. Е. Кулагин  |g науч. рук. А. Ю. Трифонов 
203 |a Текст  |c электронный 
225 1 |a Основные теоретико-методологические и прикладные направления развития естественных наук: физики, химии, математики 
300 |a Заглавие с титульного экрана 
320 |a [Библиогр.: с. 261 (2 назв.)] 
337 |a Adobe Reader 
463 1 |0 (RuTPU)RU\TPU\conf\3591  |t Ресурсоэффективным технологиям - энергию и энтузиазм молодых   |o Сборник научных трудов V Всероссийской конференции студентов элитного технического образования, г. Томск, 25 -27 марта 2014 г.  |f Национальный исследовательский Томский политехнический университет (ТПУ)   |v [С. 258-261]  |d 2014 
610 1 |a труды учёных ТПУ 
610 1 |a электронный ресурс 
610 1 |a классические состояния 
610 1 |a траекторно-когерентные состояния 
610 1 |a двумерные уравнения 
610 1 |a уравнение Хартри 
700 1 |a Кулагин  |b А. Е.  |c математик  |c доцент Томского политехнического университета, кандидат физико-математических наук  |f 1992-  |g Антон Евгеньевич  |3 (RuTPU)RU\TPU\pers\32403  |9 16354 
702 1 |a Трифонов  |b А. Ю.  |c физик, математик  |c профессор Томского политехнического университета, доктор физико-математических наук  |f 1963-  |g Андрей Юрьевич  |4 727 
712 0 2 |a Национальный исследовательский Томский политехнический университет (ТПУ)  |b Физико-технический институт (ФТИ)  |b Кафедра высшей математики и математической физики (ВММФ)  |3 (RuTPU)RU\TPU\col\18727 
801 2 |a RU  |b 63413507  |c 20210709  |g RCR 
856 4 |u http://earchive.tpu.ru/handle/11683/66095 
856 4 |u http://www.lib.tpu.ru/fulltext/c/2014/C08/110.pdf 
942 |c CF